| 000 | 00630nam a22001817a 4500 | ||
|---|---|---|---|
| 010 | _aENG-120395 | ||
| 020 |
_c1895.00 _a9788187392972 |
||
| 035 | _aEN-103927 | ||
| 037 | _bDBAD /PUB | ||
| 082 | _a355.02170954 | ||
| 100 | _aDhurba Rizal | ||
| 245 |
_aSouth Asia and beyond : _cby Dhurba Rizal _bdiscourse on emerging security challenges and concerns / |
||
| 260 |
_aNew Delhi _bAdroit Publishers _c2012 |
||
| 270 |
_a4675/21, Ganpati Bhawan, Ansari Road, Daryaganj _bNew Delhi _e110002 |
||
| 300 |
_axxvi,696p. _c23cm(H.b) |
||
| 500 | _aIncludes references and index | ||
| 942 |
_2ddc _cEN _h355.02170954 _mDHU |
||
| 999 |
_c144499 _d144499 |
||